000
00294nam a2200109Ia 4500
008
200302s9999 xx 000 0 und d
100
_a
Azim A Nanji
245
_a
The A G A Khan for Architecture Building for Tomorrow
260
_b
Academy Edition Martins Press
260
_c
1994
300
_a
128 P.,
999
_c
984
_d
984